| 000 | 01211nam0a22003011 4500 | ||
|---|---|---|---|
| 001 | rc\2287440 | ||
| 005 | 20250623032547.0 | ||
| 035 | _a(NLR Aleph) 006545199 | ||
| 090 |
_a6679903 _c6679903 |
||
| 100 | _a20110826d1978 |||y0rusy50 ca | ||
| 101 | 0 | _arus | |
| 102 | _aRU | ||
| 105 | _ay z ||||| | ||
| 200 | 1 |
_aФизика соединений А³В⁵ _eТез. докл. всесоюз. конф., 18-19 окт. 1978 г. |
|
| 210 |
_aЛенинград _cЛПИ _d1978 |
||
| 215 |
_a96 с. _d21 |
||
| 300 | _aВ надзаг.: АН СССР, М-во высш. и сред. спец. образования СССР, М-во высш. и сред. спец. образования РСФСР, Ленингр. политехн. ин-т им. М.И. Калинина | ||
| 320 | _aБиблиогр. в конце докл. | ||
| 606 |
_aПолупроводниковые соединения _jТезисы докладов _xФизика _2psbo |
||
| 686 |
_aВ379.2я431(2) _2rubbk |
||
| 712 | 0 | 2 | _aАН СССР |
| 801 | 0 |
_aRU _bNLR _gpsbo |
|
| 801 | 1 |
_aRU _bELAR _2rusmarc |
|
| 852 |
_aNLR _j78-6/5861 |
||
| 899 |
_aRuMoRGB _jБ 78-29/636 |
||
| 899 |
_aRuMoRGB _jБ 78-29/637 |
||
| 942 | _cBOOK | ||
| 980 | _aNB | ||